| 000 | 01821nam a2200145 4500 | ||
|---|---|---|---|
| 008 | 708 P123c | ||
| 082 |
_a708 _bP123c |
||
| 100 |
_aPadín, Clemente _96671 |
||
| 245 | _aClemente Padín | ||
| 260 |
_aMontevideo _bBanco Central de Uruguay _c2006 |
||
| 300 |
_a350 p. _bill _c23 x 16.5 cm |
||
| 505 |
_tClemente Padín La práctica como crítica _rPatricia Betancur _tAntología de textos _tClemente Padín: Hombre de acción, hombre de teoría _rCésar Espinoza _tLa disección irónica del lenguaje _rMartín Palacio _tGnosis: serigrafías y textos de Clemente Padín _rHarry Polkinhorn _tClemente Padín y su "signo" _rKlaus Peter Dencker _tCP: 2003 _rFernando López Lage _tUn gran mundo ¿verdad? _rKarl Young _tVeinte años después _rLuis Bravo _tVanguardia: un proyecto semiológico _rMoacy Cirne (fragmento) _tSpam art o cómo convertir en arte el correo basura _rSilvio Gracia _tSelección de textos de Clemente Padín _tLas opciones del creador latinoamericano _tLa performance desde la perspectiva latinoamericana _tEdgardo Antonio Vigo: aspiración libertaria _tRecordando a Ulises Carrión _tEdición facsimilar de la revista Ovum _tPublicaciones _tSignografías _tPelículas 1987-2005 _tApéndice _tBiografía / Biography _tExposiciones individuales / Solo exhibitions _tExposiciones colectivas / Group shows _tExposiciones y eventos organizados / Organization of exhibitions and events _tArte correo / Mail art _tPerformance, lecturas e instalaciones / Performances, readings and installations _tBecas e invitaciones / Grants and invitations _tPublicaciones / Publications _tBibliografía / Bibliography _tFundación y dirección de revistas / Journals: Founder and Director _tVideografía / Videography _tTexts in english |
||
| 650 |
_xarte - exhibicones _xarte - biografía _xarte - Uruguay _96672 |
||
| 700 |
_aBetancur, Patricia (curaduría) _96673 |
||
| 999 |
_c1617 _d1617 |
||